ბათუმის შოთა რუსთაველის სახელმწიფო უნივერსიტეტის ბიბლიოთეკა

ორთოპედიული სტომატოლოგია : (ბიბ.ჩანაწერი № 60930)

000 -ლიდერი
ფიქსირებული სიგრძის საკონტროლო ველი 01431nam a22002537a 4500
003 - საკონტროლო ნომრის იდენტიფიკატორი
საკონტროლო ველი Ge_BSU
005 - ბოლო ოპერაციის თარიღი და დრო
საკონტროლო ველი 20231121141722.0
008 - ფიქსირებული სიგრძის მონაცემთა ელემენტები - ზოგადი ინფორმაცია
ფიქსირებული სიგრძის საკონტროლო ველი 231121s2022 ge ||||| |||| 00| 0 geo d
041 ## - ენის კოდი
Language code of text/sound track or separate title geo
080 ## - უნივერსალური ათობითი კლასიფიკაციის ინდექსი
Universal Decimal Classification number 616.314-089.23(075.8) ტ-77
100 ## - მთავარი ჩანაწერი - პიროვნების სახელი
Personal name ტრეზუბოვი, ვლადიმერი
9 (RLIN) 20442
245 ## - ცნობა სათაურის შესახებ
Title ორთოპედიული სტომატოლოგია :
Remainder of title სახელმძღვანელო /
Statement of responsibility, etc ვლადიმერ ტრეზუბოვი, ანატოლი შჩერბაკოვი, ლეონიდ მიშნევი.
250 ## - გამოცემის ცნობა
Edition statement მეშვიდე გადამუშავებული და შევსებული გამოცემა
264 ## - წარმოების, გამოცემის, დისტრიბუციის და სხვა ცნობები
გამოცემის, წარმოების, დისტრიბუციის... ადგილი თბილისი :
გამოცემის, წარმოების, დისტრიბუციის... სახელწოდება მთაწმინდელი,
გამოცემის, წარმოების, დისტრიბუციის... თარიღი 2022.
300 ## - ფიზიკური აღწერა
Extent 380 გვ.:
Other physical details ილ.;
Dimensions 30 სმ.
504 ## - BIBLIOGRAPHY, ETC. NOTE
Bibliography, etc ბიბლიოგრ. გვ. 372
653 ## - INDEX TERM--UNCONTROLLED
Uncontrolled term ორთოპედიული სტომატოლოგია
653 ## - INDEX TERM--UNCONTROLLED
Uncontrolled term ორთოდონტია
653 ## - INDEX TERM--UNCONTROLLED
Uncontrolled term კბილების პროტეზირება
653 ## - INDEX TERM--UNCONTROLLED
Uncontrolled term ყბა სახის ტრავმატოლოგია
700 ## - ADDED ENTRY--PERSONAL NAME
Personal name შჩერბაკოვი, ანატოლი
Relator term ავტორი
9 (RLIN) 20443
700 ## - ADDED ENTRY--PERSONAL NAME
Personal name მიშნევი, ლეონიდ
Relator term ავტორი.
9 (RLIN) 20444
942 ## - ADDED ENTRY ELEMENTS (KOHA)
Source of classification or shelving scheme
Koha item type წიგნი
ეგზემპლარები
ჩამოწერის სტატუსი დაკარგული ეგზემპლარის სტატუსი კლასიფიკაციის წყარო ან თაროზე გაწყობის სქემა დაზიანების სტატუსი არ გაიცემა მუდმივი მდებარეობა (დაცვის ადგილი) ამჟამინდელი ადგილსამყოფელი თაროზე განთავსების ადგილი შეძენის თარიღი ღირებულება, შესყიდვის ნორმალური ფასი სრული შენახვის შიფრი შტრიხკოდი ბოლო ოპერაციის თარიღი ეგზემპლარის მიმდევრობითი ნომერი (კეტერი?) ფასის ძალაში შესვლის თარიღი ეგზემპლარის სახეობა საჯარო შენიშვნა
          ბათუმის შოთა რუსთაველის სახელმწიფო უნივერსიტეტის მთავარი ბიბლიოთეკა ბათუმის შოთა რუსთაველის სახელმწიფო უნივერსიტეტის მთავარი ბიბლიოთეკა წიგნსაცავი 2023-11-21 74.50 616.314-089.23(075.8) ტ-77 66901 2023-11-21 66901 2023-11-21 წიგნი 74 ლ. 50 თ.
          ბათუმის შოთა რუსთაველის სახელმწიფო უნივერსიტეტის მთავარი ბიბლიოთეკა ბათუმის შოთა რუსთაველის სახელმწიფო უნივერსიტეტის მთავარი ბიბლიოთეკა წიგნსაცავი 2023-11-21 74.50 616.314-089.23(075.8) ტ-77 66900 2023-11-21 66900 2023-11-21 წიგნი 74 ლ. 50 თ.
          ბათუმის შოთა რუსთაველის სახელმწიფო უნივერსიტეტის მთავარი ბიბლიოთეკა ბათუმის შოთა რუსთაველის სახელმწიფო უნივერსიტეტის მთავარი ბიბლიოთეკა წიგნსაცავი 2024-07-11 56.00 616.314-089.23(075.8) ტ-77 68669 2024-07-11 68669 2024-07-11 წიგნი 56.00
          ბათუმის შოთა რუსთაველის სახელმწიფო უნივერსიტეტის მთავარი ბიბლიოთეკა ბათუმის შოთა რუსთაველის სახელმწიფო უნივერსიტეტის მთავარი ბიბლიოთეკა წიგნსაცავი 2024-07-11 56.00 616.314-089.23(075.8) ტ-77 68670 2024-07-11 68670 2024-07-11 წიგნი 56.00
          ბათუმის შოთა რუსთაველის სახელმწიფო უნივერსიტეტის მთავარი ბიბლიოთეკა ბათუმის შოთა რუსთაველის სახელმწიფო უნივერსიტეტის მთავარი ბიბლიოთეკა წიგნსაცავი 2024-07-11 56.00 616.314-089.23(075.8) ტ-77 68671 2024-07-11 68671 2024-07-11 წიგნი 56.00
          ბათუმის შოთა რუსთაველის სახელმწიფო უნივერსიტეტის მთავარი ბიბლიოთეკა ბათუმის შოთა რუსთაველის სახელმწიფო უნივერსიტეტის მთავარი ბიბლიოთეკა წიგნსაცავი 2024-07-11 56.00 616.314-089.23(075.8) ტ-77 68672 2024-07-11 68672 2024-07-11 წიგნი 56.00
          ბათუმის შოთა რუსთაველის სახელმწიფო უნივერსიტეტის მთავარი ბიბლიოთეკა ბათუმის შოთა რუსთაველის სახელმწიფო უნივერსიტეტის მთავარი ბიბლიოთეკა წიგნსაცავი 2024-07-11 56.00 616.314-089.23(075.8) ტ-77 68673 2024-07-11 68673 2024-07-11 წიგნი 56.00